Enciclopedia general ilustrada del País Vasco. (Record no. 11936)
[ view plain ]
| 000 -LEADER | |
|---|---|
| campo de control de longitud fija | 00959nam a2200253 i 4500 |
| 001 - NÚMERO DE CONTROL | |
| campo de control | 11936 |
| 003 - IDENTIFICADOR DE NÚMERO DE CONTROL | |
| campo de control | ES-MaACL |
| 005 - FECHA Y HORA DE LA ÚLTIMA TRANSACCIÓN | |
| campo de control | 20240314211846.0 |
| 007 - CAMPO FIJO DE DESCRIPCIÓN FÍSICA--INFORMACIÓN GENERAL | |
| campo de control de longitud fija | t| |
| 008 - DATOS DE LONGITUD FIJA--INFORMACIÓN GENERAL | |
| campo de control de longitud fija | 970113m1970 sp af b |||| | spa d |
| 020 ## - NÚMERO INTERNACIONAL ESTÁNDAR DEL LIBRO | |
| Número Internacional Estándar del Libro | 84-7025-147-3 |
| 080 ## - NÚMERO DE LA CLASIFICACIÓN DECIMAL UNIVERSAL | |
| Número de la Clasificación Decimal Universal | 015(460.15) |
| 245 00 - MENCIÓN DEL TÍTULO | |
| Título | Enciclopedia general ilustrada del País Vasco. |
| Número de parte o sección de la obra | Cuerpo C, |
| Nombre de parte o sección de la obra | Eusko bibliographia / |
| Mención de responsabilidad, etc. | por Jon Bilbao. |
| 246 30 - FORMA VARIANTE DEL TITULO | |
| Título propio/Titulo breve | Eusko bibliographia |
| 260 ## - PUBLICACIÓN, DISTRIBUCIÓN, ETC. | |
| Lugar de publicación, distribución, etc. | San Sebastián : |
| Nombre del editor, distribuidor, etc. | Auñamendi, |
| Fecha de publicación, distribución, etc. | 1970- |
| 300 ## - DESCRIPCIÓN FÍSICA | |
| Extensión | v. ([p.] de lám.) : |
| Otras características físicas | il. ; |
| Dimensiones | 28 cm. |
| 505 8# - NOTA DE CONTENIDO CON FORMATO | |
| Nota de contenido con formato | Contiene: v. I ; |
| Título | A-Biblia - v. II ; |
| -- | Biblio-Diana - v. III ; |
| -- | Diar-Garriga - v. VII ; |
| -- | Poyo-Topol - v. IX ; |
| -- | Suplementum 1961-1975, Beitrèage-Izuzkia - v. X ; |
| -- | Suplementum 1961-1975, J-Unión |
| 650 #4 - PUNTO DE ACCESO ADICIONAL DE MATERIA--TÉRMINO DE MATERIA | |
| Término de materia o nombre geográfico como elemento de entrada | Bibliografías vascas. |
| 9 (RLIN) | 161484 |
| 651 #4 - PUNTO DE ACCESO ADICIONAL DE MATERIA--NOMBRE GEOGRÁFICO | |
| Nombre geográfico | País Vasco- |
| Subdivisión de forma | Bibliografías |
| 9 (RLIN) | 9147 |
| 700 1# - ENTRADA AGREGADA--NOMBRE PERSONAL | |
| Nombre de persona | Bilbao, Jon. |
| 9 (RLIN) | 28864 |
| 710 2# - ENTRADA AGREGADA--NOMBRE DE ENTIDAD CORPORATIVA | |
| Nombre de entidad corporativa o nombre de jurisdicción como elemento de entrada | Auñamendi. |
| 9 (RLIN) | 161483 |
| 852 ## - LOCALIZACIÓN | |
| Ubicación | ES-MaACL |
| Número de control de estantería | J-79 |
| Estatus retirado | Estado de pérdida | Fuente del sistema de clasificación o colocación | Estado de daño | No para préstamo | Colección | Biblioteca de origen | Biblioteca actual | Ubicación en estantería | Fecha de adquisición | Total de préstamos | Signatura topográfica completa | Código de barras | Visto por última vez | Precio de reemplazo | Tipo de ítem Koha |
|---|---|---|---|---|---|---|---|---|---|---|---|---|---|---|---|
| Clasificación decimal universal | Biblioteca profesional | Biblioteca del Ateneo de Madrid | Biblioteca del Ateneo de Madrid | Depósito 2 | 17/01/2008 | J-79 | 1012163 | 23/02/2023 | 23/02/2023 | Libro impreso |
